[Event "FIDE-Wch k.o."]
[Site "Tripoli"]
[Date "2004.06.22"]
[Round "2.3"]
[White "Bologan, Viktor"]
[Black "Moiseenko, Alexander"]
[Result "1/2-1/2"]
[WhiteElo "2665"]
[BlackElo "2631"]
[Annotator "Gofshtein,L"]
[PlyCount "105"]
[EventDate "2004.06.19"]
[EventType "k.o."]
[EventRounds "7"]
[EventCountry "LBY"]
[SourceTitle "CBM 102"]
[Source "ChessBase"]
[SourceDate "2004.09.23"]
[SourceVersion "1"]
[SourceVersionDate "2004.09.23"]
[SourceQuality "1"]

1. e4 c5 2. Nf3 Nc6 3. Bb5 e6 4. Bxc6 bxc6 5. d3 Qc7 {Black has a few possible
moves in this position besides 5...Qc7 - 5...d6, 5...Be7, 5...Ne7 or 5...d5,
here are some possible lines:} (5... d6 {allows white to break black's pawn
structure with} 6. e5 $1 dxe5 (6... d5 $6 7. O-O Ne7 8. c4 $1 {[%csl Rc5,Rc6]}
Nf5 9. Nc3 Be7 10. b3 Nd4 11. Na4 Nxf3+ 12. Qxf3 O-O 13. Ba3 Qa5 14. Qe3 Rd8
15. Rad1 Bd7 16. Qe1 $1 $16 {1-0 Hamdouchi,H-Cardenas Valero,J/Mancha Real
2000/EXT 2001 (24)}) 7. Nxe5 $14) (5... Be7 $5 6. O-O Qc7 {[%cal Ge6e5]} 7. e5
f6 8. Bf4 Qd8 9. Nbd2 fxe5 10. Nxe5 Nf6 {is possible for black}) (5... Ne7 6.
Ng5 (6. h4 $6 h5 7. Qe2 f6 8. e5 fxe5 9. Nxe5 d6 10. Nc4 Nf5 11. Bg5 Be7 12.
Bxe7 Qxe7 13. Nc3 e5 $15 {Shabanov,Y-Arkhipov,S/Smolensk RUS 2000}) (6. Qe2 {
is an interesting option for white}) 6... f6 7. Nh3 g6 8. f4 Bg7 9. O-O O-O 10.
Nf2 d6 11. Nd2 a5 12. a4 f5 13. Nf3 Rb8 14. Rb1 c4 $5 15. dxc4 fxe4 16. Nxe4 d5
17. cxd5 exd5 18. Nf2 Qb6 19. Re1 Nf5 20. Ne5 Rb7 21. b3 Rd8 $44 {1/2-1/2
Bologan,V-Shabalov,A/Connecticut USA 2000/The Week in Chess 286 (37)}) (5... d5
6. c4 Nf6 7. Qe2 Be7 8. O-O O-O 9. Nc3 Qc7 10. e5 Nd7 11. Bf4 {1-0 Jaracz,
P-Brueggemann,J/Bad Wiessee 2002/EXT 2003 (77) looks more comfortable for
white.}) 6. O-O {looks stronger than 6.e5 which allows black to reach equality}
(6. e5 f6 7. Qe2 fxe5 8. Nxe5 Nf6 9. O-O (9. Bg5 Be7 10. f4 O-O 11. Nd2 d6 12.
Nec4 Rb8 13. Rb1 h6 $132) 9... Be7 10. f4 O-O 11. Nd2 d6 12. Nef3 Nd5 {is
approximately equal}) 6... d6 (6... e5 7. c3 (7. b3 Nf6 8. Bb2 d6 9. Nfd2 Be7
10. f4 exf4 11. Rxf4 O-O $11) (7. Ng5 $6 h6 8. Nh3 d6 9. f4 Bxh3 10. gxh3 exf4
11. Bxf4 g5 12. Bg3 Rb8 13. b3 Bg7 14. c3 Ne7 $132) 7... Nf6 8. Re1 {much
stronger than an immideate 8.d4} (8. d4 {sacrificing the pawn doesn't give any
real dividends} exd4 9. cxd4 Nxe4 $1 10. Re1 d5 11. Ng5 (11. Nc3 f5 $1 $15)
11... Be7 12. Nxe4 dxe4 13. Rxe4 Bf5 14. Re5 Be6 $11) 8... Be7 9. d4 cxd4 10.
cxd4 exd4 (10... d6 $2 11. dxe5 dxe5 12. b3 $16 {1-0 Skripchenko Lautier,
A-Amura,C/Shenyang 2000/CBM 79 (32)}) 11. e5 Nd5 12. Qxd4 O-O $14) 7. c3 {
white's plan is to conquer the centre with d4, another plan is to put the
knight on c3 and to play for f2-f4 is less strong} (7. Nc3 Nf6 8. Qe2 Nd7 9.
Ng5 h6 10. Nh3 e5 11. f4 exf4 12. Bxf4 Be7 13. Qf3 Bf6 14. Qg3 Ne5 15. Bd2 Qe7
16. Nf4 h5 17. h3 Be6 18. Nd1 g5 $40 {0-1 Bhat,V-Milov,V/Andorra AND 2001/The
Week in Chess 349 (34)}) 7... Nf6 8. Re1 {threatening to break black's pawn
structure with e4-e5} e5 9. d4 cxd4 10. cxd4 Bg4 (10... Rb8 {doesn't seem like
a real improvement, white still keeps a clear advantage} 11. b3 exd4 12. Nxd4
g6 (12... Be7 {is better}) 13. Bb2 Bg7 14. e5 $1 dxe5 15. Nf5 O-O 16. Bxe5 {
1-0 Pikula,D-Carron,J/Zuerich 2002/CBM 91 ext (16)}) 11. dxe5 dxe5 12. Nbd2 {
white got out of the opening with a very pleasent position, he can focus on
the black weak c6 pawn and use the c4 and c5 squares for his pieces} Bb4 (12...
Bc5 {is met by} 13. Qc2 $1 Qb6 14. Nc4) 13. Qa4 Bxd2 14. Nxd2 O-O 15. Nb3 $1
Nd7 (15... c5 {doesn't help} 16. Be3 c4 17. Nc5 {winning the c4 pawn}) 16. Be3
Be6 17. Rec1 {white's plan is very simple, to double the rooks on the c-file}
Rfc8 18. Rc3 (18. Nc5 $5 {deserves attention} Nxc5 19. Rxc5 {black is deprived
from any counterplay and white can attack the weak a and c pawns}) 18... Qb7
19. Rac1 c5 $1 {the best chance, black sacrifices the pawn and gets some
initiative, which is still not enough compensation for the pawn} 20. Bxc5 Nxc5
({after} 20... Bxb3 21. axb3 Nxc5 22. Rxc5 Rxc5 23. Rxc5 {white is a pawn up
and has good winning chances}) 21. Rxc5 Rxc5 22. Rxc5 Rd8 23. Rc1 $6 (23. h3 {
is much stronger, targeting the pawn on e5 and leaving the rook on an active
position}) 23... h6 24. Qa5 Qd7 25. h3 Bxb3 26. axb3 Qd2 $1 (26... Qd4 27. Rc4
$1 {with big advantage for white}) 27. Ra1 $6 {Taking on d2 was a much better
practical chance} (27. Qxd2 Rxd2 28. Rc8+ Kh7 29. Rc7 f6 (29... a5 $2 30. Rxf7
Rxb2 31. Ra7 Rxb3 32. Rxa5 {also winning the e-pawn and the game}) 30. Rxa7
Rxb2 31. Rb7 Re2 32. Rb4 h5 33. g3 Kg6 34. Kg2 {followed by Kf3 and Ke3 with
good chances to win}) 27... Qxa5 28. Rxa5 Rd1+ 29. Kh2 Rd2 30. Rxe5 $6 (30. f3
{was white's last chance} Rxb2 31. Rxe5 Rxb3 32. Re8+ Kh7 33. Re7 f6 (33... a5
$2 {would be a mistake} 34. Rxf7 a4 35. Ra7 a3 36. Kg3 {and white is winning})
34. Rxa7 h5 {and white gets a famous 4 against 3 endgame, where he has some
chances to win}) 30... Rxf2 31. Re8+ Kh7 32. Re7 a5 {now the draw is clear} 33.
Kg3 Rxb2 34. Rxf7 Rxb3+ 35. Kf4 {White still has some hopes due to an active
position of his king but black achieves the draw easily} Rb2 36. Ra7 Rxg2 37.
Rxa5 Kg6 (37... g5+ 38. Kf5 Rf2+ 39. Ke6 Rf3 {was an easy way to draw
immideatly} ({or} 39... Kg6)) 38. Ra6+ Kf7 39. h4 h5 (39... g5+ {was another
way to make a draw} 40. Kf5 (40. Kf3 Rh2) (40. Ke5 gxh4 41. Rxh6 Rg5+) 40...
gxh4 41. Rxh6 Rb2 42. Rh7+ Ke8 43. Rxh4 Rb5+ 44. e5 Rb6 {getting the Philidor
position, which is a draw}) 40. Kf5 g6+ 41. Ke5 g5 42. Ra7+ Kg6 43. Ra8 Kg7 44.
hxg5 Rxg5+ 45. Kf4 Rb5 46. e5 Kf7 47. Kf5 Rb6 48. Rh8 Ra6 49. Rh7+ Ke8 50. Rxh5
Ke7 51. Rh7+ Ke8 52. Rb7 Rc6 53. Ke4 1/2-1/2

[Event "FRA-chT poule basse"]
[Site "France"]
[Date "2003.05.09"]
[Round "10.2"]
[White "Lutz, Christopher"]
[Black "Tirard, Hugo"]
[Result "1-0"]
[WhiteElo "2640"]
[BlackElo "2399"]
[Annotator "Gofshtein,L"]
[PlyCount "73"]
[EventDate "2003.05.07"]
[EventType "team"]
[EventRounds "4"]
[EventCountry "FRA"]
[SourceTitle "CBM 095"]
[Source "ChessBase"]
[SourceDate "2003.07.25"]
[SourceVersion "1"]
[SourceVersionDate "2003.07.25"]
[SourceQuality "1"]
[WhiteTeam "Vandoeuvre"]
[BlackTeam "Noyon"]
[WhiteTeamCountry "FRA"]
[BlackTeamCountry "FRA"]

1. e4 {[%mdl 4]} c5 2. Nf3 Nc6 3. Bb5 e6 4. Bxc6 bxc6 5. d3 Ne7 6. Qe2 {
An alternative to this is 6.Ng5 trying to mobilize the f-pawn, was played in
the game demonstrated bellow and brought about better play for white.} (6. Ng5
$5 Ng6 7. f4 Be7 8. Nf3 d5 {1-0 Bologan,V-Sveshnikov,E/Tallinn EST 2000/The
Week in Chess 273 (42)}) 6... Qc7 {The main line of the variation,after 6...
Ng6 7.h4 looks threatening allowing for further difficulties on the kingside.}
7. O-O $5 {[%mdl 16]} (7. e5 $5 Nf5 8. Bd2 Be7 9. Bc3 $14 {1-0 Prokopchuk,
E-Sherbakov,R/Novgorod 1999/CBM 69 ext (48)}) 7... Ng6 8. Ng5 e5 {Black is
blocking the advance of f4 in the first place.Also possible is 8...Be7.} (8...
Be7 $5 9. Qh5 Qd8 {1/2-1/2 Ovetchkin,R-Sherbakov,R/Smolensk 2000/CBM} (9... d6
10. f4 $36 {[%cal Gf4f5]}) (9... h6 $2 10. Nxf7 Kxf7 11. f4 $16)) 9. Na3 Be7
10. Qh5 Bxg5 {Black exchanges, eliminating white's dangerous knight.} (10... h6
$2 11. Nxf7 Kxf7 12. f4 $18) 11. Qxg5 O-O 12. Be3 d6 13. Nc4 Be6 {Also worthy
of attention is the immediate 13...f5 with fair counterplay, or the very
energetic 13...d5} (13... f5 $5 14. f4 fxe4 15. fxe5 d5 16. Nd6 d4 17. Rxf8+
Nxf8 18. Bf4 e3) (13... d5 $5 14. Na3 Qb6 15. Rfb1 Be6 $132) 14. Nd2 f5 15. f4
exf4 16. Bxf4 c4 $5 (16... fxe4 $6 17. Nxe4 Rxf4 (17... Nxf4 18. Rxf4 d5 19.
Rxf8+ Rxf8 20. Nxc5 $16) 18. Rxf4 d5 19. Nf6+ gxf6 20. Rxf6 Bf7 21. Raf1 $36)
17. dxc4 fxe4 18. Be3 {White tries to play for an advantage.In case of 18.Ne4
black could have developed a countergame.} (18. Nxe4 Nxf4 19. Rxf4 Qb6+ 20. c5
Qxb2 21. Re1 d5 $132) 18... d5 {Worthy of attention is 18...Rab8 attempting to
exchange pawn "e" for pawn "c".} (18... Rab8 $5) 19. cxd5 cxd5 20. Nb3 Rxf1+ (
20... Qe5 $6 21. Rxf8+ Kxf8 22. Nc5 $36) 21. Rxf1 Rf8 $6 {Innacurate move
leading to difficulties.It was pertinent to seek a queen-exchange by way of 21.
..Qe5.} (21... Qe5 $5) 22. Rxf8+ Nxf8 {This is stronger then 22...Kf8 because
the knight is practically without designation on g6.} (22... Kxf8 23. Nd4 $16)
23. Nc5 Qd6 $6 {Another innacuracy.The right move was 23...Bf7 freeing his
pieces from defending the bishop.} (23... Bf7 24. Bd4 Ng6) 24. Bd4 Ng6 25. b4
Kf7 {Passing pawn on the queenside and a much better positioning of white's
pieces presents serious problems for black.} (25... Bf7 26. b5 h6 27. Qg4 Qf4
28. Qxf4 Nxf4 29. Kf2 $36) 26. b5 Ke8 27. a4 Bf7 28. a5 $18 Qc7 {Black tries
to make the advance of white's queenside pawns more difficult but his attempts
are invain.} 29. Qd2 Ne7 30. Nb3 {Black can't defend himself from the threat
of b6.} Nf5 (30... Nc8 31. Bxg7 $18) 31. b6 axb6 32. axb6 Qe7 33. Qa5 Be6 34.
Qb5+ Kf7 35. b7 Nxd4 36. Nxd4 Qf6 37. Qf1 1-0

[Event "Moscow Aeroflot op-A"]
[Site "Moscow"]
[Date "2003.02.15"]
[Round "5"]
[White "Rublevsky, Sergei"]
[Black "Moiseenko, Alexander"]
[Result "1/2-1/2"]
[WhiteElo "2644"]
[BlackElo "2597"]
[Annotator "Gofshtein,L"]
[PlyCount "83"]
[EventDate "2003.02.10"]
[EventType "swiss"]
[EventRounds "9"]
[EventCountry "RUS"]
[SourceTitle "CBM 094"]
[Source "ChessBase"]
[SourceDate "2003.05.26"]
[SourceVersion "1"]
[SourceVersionDate "2003.05.26"]
[SourceQuality "1"]

1. e4 {[%mdl 260]} c5 2. Nf3 Nc6 3. Bb5 e6 4. O-O Nge7 5. c3 (5. Re1) 5... a6
6. Ba4 b5 {Prematurely opening up the game by means of b5 since White has
forcetalled Black in developement.} (6... d5 $6 7. exd5 exd5 8. d4 $36 c4 {
1-0 Adams,M-Hennigan,M/Birmingham 2001/CBM 84 ext (17)}) 7. Bc2 Bb7 {Black is
trying to develop its pieces and only than, to activate its attack.} ({In the
first known game where 4...Nge7 was applied was:} 7... d5 8. d4 cxd4 9. exd5
Nxd5 10. Nxd4 Bb7 11. a4 b4 12. a5 Bd6 13. Qg4 Nf6 {1-0 Benko,P-Stenborg,A/
Dublin 1957/MCD (33)}) 8. Qe2 d5 ({Often used is} 8... Ng6 9. d4 cxd4 10. cxd4
{1/2-1/2 Adams,M-Lautier,J/Wijk aan Zee NED 2002/The Week in Chess 376 (29). 
(29)} (10. cxd4 Nh4 (10... Rc8 11. Rd1 Be7 12. a4 Nb4 13. Bb3 bxa4 14. Bxa4 O-O
$11 {1/2-1/2 Potkin,V-Sveshnikov,E/Elista RUS 2001/The Week in Chess 339 (57)})
11. Rd1 (11. Nbd2 Rc8 12. d5 Ne5 13. Bb3 (13. Nd4 Bd6 14. N2b3 Nc4 {1/2-1/2
Degraeve,J-Bacrot,E/Marsailles FRA 2001/The Week in Chess 355 (14)}) 13...
Nexf3+ 14. Nxf3 Nxf3+ 15. Qxf3 Bd6 16. Bf4 Bxf4 17. Qxf4 $14) 11... Rc8 12.
Nxh4 Qxh4 13. Nc3 Be7 14. Be3 O-O 15. f3 Na5 16. Bd3 Qh5 17. Bf2 Rfe8 $11 {
1/2-1/2 Adams,M-Lautier,J/Wijk aan Zee NED 2002/The Week in Chess 376 (29). 
(29)})) 9. e5 d4 {Interesting to check 9...Qb6.} (9... Qb6 $5) 10. Be4 Nd5 $5 (
10... Ng6 $143 11. cxd4 (11. d3 Be7 12. a4 O-O 13. axb5 axb5 14. Rxa8 Bxa8 15.
Re1 dxc3 16. bxc3 b4 $132 {0-1 Sandipan,C-Shariyazdanov,A/Raipur 2002/CBM 87
ext (69)}) 11... cxd4 12. d3 Be7 13. Nbd2 $5 (13. a4 O-O 14. Na3 Qb6 15. Bd2
Rfc8 {1/2-1/2 Zhang Zhong-Wu Wenjin/HeiBei CHN 2001/The Week in Chess 351 (73)}
(15... Rfc8 16. Rfc1 h6 17. Qe1 Nf8 18. axb5 axb5 19. Nc2 Rxa1 20. Nxa1 Ra8 21.
Nb3 Ra4 22. h3 $13 {1/2-1/2 Zhang Zhong-Wu Wenjin/HeiBei CHN 2001/The Week in
Chess 351 (73)})) 13... Qd7 (13... Qc7 14. Nb3 O-O 15. Bd2 Rfc8 16. Rac1 Qb6
17. h4 $36 {1-0 Smirin,I-Krasenkow,M/Dos Hermanas ESP 2001/The Week in Chess
337 (72)}) 14. Nb3 {1-0 Smirin,I-Finegold,B/Philadelphia USA 2001/The Week in
Chess 351 (53)} (14. Nb3 {Oratovsky,M} Rd8 15. Bd2 Nb4 16. Nfxd4 Nc6 17. Nf3
Nb4 18. Bxb7 Qxb7 19. d4 O-O 20. Rfc1 Qd5 21. Nc5 Nc6 22. Be3 $16 {1-0 Smirin,
I-Finegold,B/Philadelphia USA 2001/The Week in Chess 351 (53)})) 11. d3 $5 (11.
cxd4 Nxd4 $5 12. Nxd4 cxd4 13. a4 $146 (13. d3 Qc7 {a multitasking move:
attacking the 'e5' pawn, defending the B and taking over the 'c' file.} 14. f4
$2 {creating a fatal weakness on e3. Because of that, white will not be able
to develop his N until the very end of the game.} (14. Bf3 {[%cal Gb1d2,Gd2e4]}
) 14... Rc8 $132 {0-1 Schneider,D-Gulko,B/Seattle 2002/CBM 87/[Gershon] (32)})
13... b4 14. d3 Qc7 15. f4 $6 {Shirov} (15. Qh5 $142 g6 (15... Be7 16. Nd2 $1
g6 17. Qh6 Qxe5 18. Nf3 Qd6 19. Re1 $44) 16. Qg5 Bg7 17. f4 $1 {/\Nd2}) 15...
Rc8 16. Nd2 Ne3 17. Rf3 Bxe4 $1 18. dxe4 (18. Nxe4 Qc2 $17) 18... d3 $1 $17 {
0-1 Grischuk,A-Kasparov,G/Moscow 2002/CBM}) 11... dxc3 $5 (11... Be7 12. c4 (
12. cxd4 cxd4 13. Nbd2 Nf4 (13... O-O 14. Nb3 Qd7 15. Nbxd4 Nxd4 16. Nxd4 Nb4
17. Be3 Bxe4 18. dxe4 $16 {1-0 Zarnicki,P-Samur,A/Buenos Aires 2001/EXT 2002 
(57)}) 14. Qd1 Ng6 15. Nb3 Ra7 (15... Qb6 16. Re1 Rd8 17. h4 h6 18. h5 Nf8 19.
Bf4 Nd7 20. Rc1 Ndb8 {1/2-1/2 Moreno Carnero,J-Magem Badals,J/Cala Galdana
1999/EXT 2000 (33)}) 16. Qe2 O-O 17. Bd2 Qb8 $132 {0-1 Spraggett,K-Franco
Ocampos,Z/Mondariz 1998/EXT 2002 (51)}) 12... bxc4 13. dxc4 Nb6 14. Ne1 Qc7
$132 {1-0 Tolstikh,N-Michalek,J/Pardubice 1995/EXT 97 (32)}) 12. Nxc3 Qd7 $5
$146 {Interesting innovation; Black doesen't want to trade his active knight} (
12... Nxc3 13. bxc3 Be7 14. d4 cxd4 15. cxd4 Qd7 16. a4 bxa4 17. Rxa4 O-O 18.
Bd2 a5 19. Rfa1 h6 $14 {1-0 Morozevich,A-Van Wely,L/Monaco 2002/CBM 87 ext (81)
}) 13. Rd1 {White's plan is to advance d4.} Be7 14. d4 Nxd4 15. Nxd4 cxd4 16.
Nxd5 {More problematic for Black could have been 16.Rd4} (16. Rxd4 $5 Bc5 (
16... O-O 17. Qh5 g6 18. Qf3 $16) 17. Rd3 Nxc3 18. bxc3 Qc7 19. Bxb7 Qxb7 20.
Rg3) 16... exd5 17. Rxd4 O-O 18. Bd3 {It's difficult for Black to materialize
on his small advantage.} (18. Qd1 Qe6 19. Bxd5 Bxd5 20. Rxd5 Rad8 21. Rxd8 Rxd8
22. Qe2 Qxe5) (18. Bf3 Qe6 19. Bf4 Bc5 20. Rd3 f6 $132) 18... Rfe8 {[%cal
Re8e5] Black moves his Rook into play.} 19. Bd2 g6 20. Rg4 Bc8 {Excellent
defense-Black keeps attacking White's Rook.} 21. Rg3 Bh4 22. Rf3 Qe7 {[%cal
Rc8g4]} 23. h3 Bb7 {Bishop returns to the a8-h1 diagonal, preparing to advance
d4} 24. Re1 Rad8 (24... d4 25. Rf4 Rad8 $132) 25. Rf4 Bg5 (25... d4) 26. Rd4
Bxd2 27. Qxd2 Rc8 {Active play and capture of the 'c' line compensates the
Black's bad bishop.} 28. Kh1 Rc7 29. f4 Qh4 $5 30. Rf1 {White permits
combination trying to destroy the pawn cover on the King's side.} (30. Qe3 $5
$14) 30... Rxe5 31. Bxg6 Re8 32. Bf5 Rce7 {[%cal Re7e2]} 33. Qf2 {White is
finally trying to ease the game because Black's threats may become dangerous.}
Qxf2 (33... Qf6 34. Bg4 Re4 35. Rfd1 $11) 34. Rxf2 Re2 35. Rd2 Rxf2 36. Rxf2 d4
37. Rd2 Kg7 38. Kg1 h6 39. Kf2 {White cannot capture the d pawn because of Re2.
Following the King's approach, White threatens to capture the pawn.} Kf6 40. g4
Re3 41. Rxd4 Rxh3 42. Rd6+ {The position becomes simplified and draw became
innevitable.} 1/2-1/2

[Event "FRA-chT Gp-A"]
[Site "France"]
[Date "2003.04.06"]
[Round "7.5"]
[White "Sorin, Maxime"]
[Black "Rotstein, Arkadij"]
[Result "0-1"]
[WhiteElo "2318"]
[BlackElo "2544"]
[Annotator "Gofshtein,L"]
[PlyCount "46"]
[EventDate "2003.01.31"]
[EventType "team"]
[EventRounds "7"]
[EventCountry "FRA"]
[SourceTitle "CBM 095"]
[Source "ChessBase"]
[SourceDate "2003.07.25"]
[SourceVersion "1"]
[SourceVersionDate "2003.07.25"]
[SourceQuality "1"]
[WhiteTeam "Sautron"]
[BlackTeam "Monaco"]
[WhiteTeamCountry "FRA"]
[BlackTeamCountry "FRA"]

1. e4 {[%mdl 4]} c5 2. Nf3 e6 3. d3 Nc6 4. g3 g6 {In my view,the variation
chosen by black is best.This series of moves was recommended by M. Botvinnik.
Black plays e6-e5 at the opportune moment, in this manner preventing white's
attempt to seize the center with d4} 5. Bg5 Qc7 6. Bg2 Bg7 7. c3 Nge7 8. O-O
O-O 9. Be3 {Other continuations 9.Qd2 and 9.d4 don't give white much of an
advantage either} (9. Qd2 d5 $132 {1-0 Shchekachev,A-Donk,M/Antwerp 1997/EXT
2001 (44)}) (9. d4 f6 10. Be3 d5 11. Nbd2 cxd4 12. Nxd4 Nxd4 13. cxd4 Bd7 $132
{1/2-1/2 Belkhodja,S-Domingos,C/Cairo 2001/CBM 84 ext (64)}) 9... b6 10. Na3
Ba6 $5 {Developing his bishop on a6, black is already aiming for pawn d3.} 11.
Re1 d5 {Typical counter-punch in the center.Black is capturing the innitiative.
} 12. exd5 $6 {Doubtful move since white allows black to capture the center.A
better move is 12.Qd2 aiming at exchanging black-squared bishops.} (12. Bf4 e5
13. exd5 exf4 14. dxc6 Nxc6) (12. Qd2 $5) 12... Nxd5 13. Bg5 h6 14. Bc1 Rad8 {
[%cal Yd8d3,Ya6d3] The pressure of black's pieces is growing and white is
forced to go on the defense.} 15. Qc2 Rd7 $15 16. Nc4 Rfd8 {Black strengthens
pressure on the d-file.} 17. a4 $6 (17. Bf1 $5) 17... Ndb4 {[%mdl 512] Typical
tactical hit,prepared by black in advance.} 18. cxb4 Nxb4 19. Qb1 $6 {Stronger
is 19.Qe2 and although black has the innitiative, the outcome of the game is
still undecided.} (19. Qe2 $5 Nxd3 20. Bf4 Nxf4 21. gxf4 Qxf4) 19... Nxd3 20.
Ne3 (20. Re4 f5 21. Rh4 g5 22. Bxg5 hxg5 23. Nxg5 Bxc4 24. Rxc4 Qe5 $19) 20...
Nxe1 21. Nxe1 Rd1 $1 22. Nxd1 Rxd1 23. Qe4 Qe5 $1 $19 {Following this
brilliant move black wins back the piece, leaving himself up two pawns so
white resigns.} 0-1

[Event "Budapest Hunguest Hotels"]
[Site "Budapest"]
[Date "2003.04.13"]
[Round "3"]
[White "Gelfand, Boris"]
[Black "Leko, Peter"]
[Result "1/2-1/2"]
[WhiteElo "2700"]
[BlackElo "2746"]
[Annotator "Gofshtein,L"]
[PlyCount "58"]
[EventDate "2003.04.11"]
[EventType "tourn"]
[EventRounds "9"]
[EventCountry "HUN"]
[EventCategory "17"]
[SourceTitle "CBM 095"]
[Source "ChessBase"]
[SourceDate "2003.07.25"]
[SourceVersion "1"]
[SourceVersionDate "2003.07.25"]
[SourceQuality "1"]

1. e4 {[%mdl 4]} c5 2. Nf3 Nc6 3. Nc3 {This way white avoids the Sveshnikov
variation-not to everybody's liking.} e5 4. Bc4 Be7 5. d3 d6 6. O-O {One of
the main variations.An alternative happens to be 6.Nd2.} Nf6 7. Ng5 {Attacking
pawn f7, white pushes f4.} O-O 8. f4 Bg4 $5 {This strong move gives black good
counterplay.} 9. Nf3 {Another possibility in this case which doesen't give
white much as shown in the game illustrated bellow is 9.Qe1} (9. Qe1 exf4 10.
Bxf4 Nd4 11. Qd2 Qd7 12. h3 Bh5 13. Kh2 b5 14. Bb3 Nxb3 15. axb3 b4 16. Ne2 d5
17. e5 Ne8 18. Nf3 Nc7 19. Bg5 f6 20. exf6 Bxf6 21. Bxf6 Rxf6 22. Nfg1 Qd6+ {
1/2-1/2 Nikolenko,O-Neverov,V/Czestochowa 1992/TD (22)}) 9... exf4 $146 {
This exchange gives black good counterplay.Also possible is 9...Nd4 allowing
f5 but receiving in chances for counterplay in exchange.} (9... Nd4 10. f5 Nh5
11. Nd5 Bh4 12. Ne3 Nxf3+ 13. gxf3 Bh3 14. Ng2 Bg5 $132 {1/2-1/2 Ochoa de
Echaguen,F-Remon,A/Havana 1983/MCL (28)}) 10. Bxf4 Nd4 11. Kh1 Qd7 12. Qd2 Bxf3
13. gxf3 b5 {Black gets a comfortable game with natural moves.} 14. Bb3 {
In case of 14.Bd5 black could have gotten counterplay chances following:} (14.
Bd5 Rab8 15. Qg2 b4 16. Bh6 Ne8 17. Nd1 Bf6 18. c3 Nc6 $132) 14... a5 15. Nd5 (
15. Bd5 Rab8 16. Qg2 b4 17. Bh6 Ne8 18. Nd1 Bf6 $132) 15... a4 $5 {[%mdl 512]
Black already notes an exchange sacrifice.They could also have played more
quietly and acquired counterplay by way of 15...Nb3.} (15... Nxb3 16. Nxe7+
Qxe7 17. axb3 Nh5 18. Be3 f5) 16. Nxf6+ Bxf6 17. Bd5 a3 18. Bxa8 {White
accepts the sacrifice of the exchange. In case white refuses black has fairly
good counterplay after:} (18. Rab1 Ra7 19. b4 cxb4 20. Rxb4 Rc7 21. c4 Be5 $132
) 18... axb2 19. Rab1 Rxa8 20. c3 {Natural move...White closes the a1-h8
diagonal and force black's knight out of the center.} Ne6 21. Bg3 (21. Be3 {
And in case of 21...Be3 black has enough compensation in return for the
exchange.} Rxa2 22. d4 (22. Rxb2 Rxb2 23. Qxb2 b4 24. Bd2 bxc3 25. Bxc3 Bxc3
26. Qxc3 Nd4) 22... cxd4 23. cxd4 Ra4) 21... Rxa2 22. Rxb2 Rxb2 23. Qxb2 b4 24.
d4 h5 $5 {24...bc would have been a mistake, since after the practically
forced queens exchange, black would have gotten a losing position.} (24... bxc3
$2 25. Qb8+ Qd8 26. Qxd8+ Nxd8 $16) 25. cxb4 h4 {Practical move because
white's bishop is forced out of the active diagonal h2-b8.} 26. Bf2 Nxd4 $5 (
26... Qb5 27. Rd1 Bxd4 28. Bxd4 Nxd4 $44) 27. Bxd4 Bxd4 28. Qd2 Qh3 29. Qg2
Qxg2+ {White doesen't have realistic chances to win so a draw was offered.}
1/2-1/2